000 00626nam a2200169 a 4500
001 000036311
005 20200930075648.0
008 120113s1959 ag 000 0 spa d
040 _aDO-SdBNP
_bspa
_cBNPHU
100 1 _aJosserand, Louis
_962462
245 1 0 _aDerecho civil /
_cLouis Josserand ; revisado y completado por André Brun ; traducción de Santiago Cunchillos y Manterola.
260 _a[Buenos Aires] :
_bEdiciones Jurídicas Europa-América,
_c1959.
300 _av. ;
_c21 cm.
650 2 4 _aDerecho civil
_93574
700 1 _aBrun, André,
_erev.
_962463
700 1 _aCunchillos y Manterola, Santiago,
_etrad.
_962464
999 _c35802
_d35802